| 000 | 01975cam a2200301 i 4500 | ||
|---|---|---|---|
| 003 | SA-RiAUC | ||
| 005 | 20260106132013.0 | ||
| 008 | 260104s2000 le g 000k0bara c | ||
| 040 |
_aSA-JeALM _bara _cSA-RiAUC _erda |
||
| 050 | 4 | _b.B34 2000 | |
| 082 | 0 | 4 |
_a239 _qSA-RiAUC |
| 090 |
_a239 _bا ب ن د |
||
| 100 | 1 |
_aبحرق، محمد بن عمر بن مبارك، _d869-930 هجري _eمؤلف. |
|
| 245 | 1 | 0 |
_aحدائق الأنوار ومطالع الأسرار في سيرة النبي المختار صلى الله عليه وسلم وعلى آله وصحبه المصطفين الأخيار، المسمى، تبصرة الحضرة الأحمدية الشاهية بسيرة الحضرة الأحمدية النبوية / _cمحمد عمر بحرق الحضرمي الشافعي ؛ اعتنى به محمد غسان نصوح عزقول. |
| 246 | 3 | 3 | _aتبصرة الحضرة الأحمدية الشاهية بسيرة الحضرة الأحمدية النبوية |
| 250 | _aالطبعة الأولى. | ||
| 264 | 1 |
_aبيروت : _bدار المنهاج، _c2000 |
|
| 300 |
_a591 صفحة ؛ _c24 سم |
||
| 336 |
_aنص _btxt _2rdacontent _3كتاب |
||
| 337 |
_aبدون وسيط _bn _2rdamedia |
||
| 338 |
_aمجلد _bnc _2rdacarrier |
||
| 600 | 0 | 7 |
_aمحمد (صلى الله عليه وسلم)، _d53 قبل الهجرة-11 هجري _2aucnm |
| 650 | 7 |
_aالسيرة النبوية _2aucsh |
|
| 700 | 1 | 2 |
_iتحقيق لـ : _aبحرق، محمد بن عمر بن مبارك، _d869-930 هجري. _tحدائق الأنوار ومطالع الأسرار في سيرة النبي المختار صلى الله عليه وسلم وعلى آله وصحبه المصطفين الأخيار، المسمى، تبصرة الحضرة الأحمدية الشاهية بسيرة الحضرة الأحمدية النبوية |
| 700 | 1 |
_aعزقول، محمد غسان نصوح _eمحقق. |
|
| 942 |
_2ddc _cBOOK _n0 |
||
| 949 |
_aSA-JeALM _d260104 _uosman123 _n1 |
||
| 999 |
_c13921 _d13921 |
||